Engineer's sketchbook of mechanical movements,devices,appliances contrivances and details (Record no. 1339)

000 -LEADER
fixed length control field 00474nam a22001577a 4500
008 - FIXED-LENGTH DATA ELEMENTS--GENERAL INFORMATION
fixed length control field 200122b ||||| |||| 00| 0 eng d
082 00 - DEWEY DECIMAL CLASSIFICATION NUMBER
Classification number 621
Item number B2341
100 ## - MAIN ENTRY--PERSONAL NAME
9 (RLIN) 935
Personal name Barber,Thomas Walter.
245 10 - TITLE STATEMENT
Title Engineer's sketchbook of mechanical movements,devices,appliances contrivances and details
250 ## - EDITION STATEMENT
Edition statement 7th
260 ## - PUBLICATION, DISTRIBUTION, ETC. (IMPRINT)
Place of publication, distribution, etc London
Name of publisher, distributor, etc E & F.N Spon
Date of publication, distribution, etc 1948
300 ## - PHYSICAL DESCRIPTION
Extent xvi,355p.
365 ## - TRADE PRICE
Unit of pricing 12.01
650 #0 - SUBJECT ADDED ENTRY--TOPICAL TERM
Topical term or geographic name as entry element Mechanical Movements
942 ## - ADDED ENTRY ELEMENTS (KOHA)
Item type Books
Holdings
Withdrawn status Lost status Source of classification or shelving scheme Damaged status Not for loan Permanent location Current location Date acquired Source of acquisition Full call number Barcode Date last seen Koha item type
          IMU Kolkata IMU Kolkata 1952-12-29 A. H. Wheeler 621 B2341 01064 2020-01-22 Books
          IMU Kolkata IMU Kolkata 1952-12-29 A. H. Wheeler 621 B2341 01065 2020-01-22 Books
Designed and Maintained by IMU-KC Library, Kolkata Campus © Copyright All Rights Reserved

webs counters

Powered by Koha